000 00429nam a2200145Ia 4500
003 OSt
005 20260129122538.0
008 211028s2018 xx 000 0 und d
040 _cAIMIT LIBRARY
041 _aeng
100 _aSaveer, Mohammed; Dhananjaya K.
_g1616110
_97865
245 _aStudy on sales promotion strategies adopted by brand factory Mangalore /
260 _aMangalore
_bDhananjaya K.
_c2018
942 _2ddc
_cPRO
999 _c219433
_d219433